Pays par Indice #3 - Statistiques

Statistiques générales
  • Ce quiz a été pris 733 fois
  • Le résultat moyen est 14 sur 20
Statistiques - réponses
Indice Pays % Correct
Quel pays est contrôlé par les Talibans ? Afghanistan
95%
Quel pays a connu un séisme de magnitude 9,0 en 2011 ? Japon
93%
Quel pays a changé son drapeau en 2024 suite à la chute de Bachar el-Assad ? Syrie
91%
Quel pays partage l'île d'Hispaniola avec la République Dominicaine ? Haïti
90%
Quel pays est subdivisé en 26 cantons ? Suisse
87%
Quel pays a déclaré son indépendance en 1993, rendant l'Éthiopie enclavée ? Érythrée
76%
Quel pays a dû changer son nom suite à un différend avec la Grèce ? Macédoine du Nord
75%
Quel pays d'Amérique Centrale a l'anglais pour langue officielle ? Belize
73%
Dans quel pays trouve-t-on le plus grand nombre de lamas ? Bolivie
70%
Quel pays est connecté à l'Arabie Saoudite par un pont ? Bahreïn
69%
Quel pays a obtenu son indépendance du Pakistan, après avoir subi un génocide ? Bangladesh
69%
Quel pays est situé sur le Golfe de Guinée, entre le Togo et le Nigeria ? Bénin
68%
Quel pays contrôle la majorité de la péninsule du Jutland ? Danemark
65%
Quel pays a 26% de sa superficie située sur le niveau de la mer ? Pays-Bas
65%
Quel est le plus grand pays enclavé au monde, en termes de superficie ? Kazakhstan
60%
Quel pays a pour régions historiques la Bohême, la Moravie et la Silésie ? République Tchèque
60%
De quel pays la langue peut-elle s'écrire selon les standards Bokmål ou Nynorsk ? Norvège
56%
Quel pays a 27% de chiites, 27% de sunnites, 41% de maronites et 5% de druzes ? Liban
51%
Quel pays a pour hymne national « Dieu bénisse le sultan » ? Brunei
45%
Quel pays d'Océanie doit son nom à une déformation du nom anglais Gilberts ? Kiribati
41%
Aucun quiz correspondant
Distribution des résultats
% des personnes avec chaque résultat
Percentile par nombre de réponses
Votre historique - résultats
Vous n’avez pas pris ce quiz